[Event "Ischia op 3rd"]
[Site "Ischia "]
[Date "2011.08.03"]
[Round "9"]
[White "Lyons, Brendan"]
[Black "Soldatov, Ilja"]
[Result "1/2-1/2"]
[WhiteElo "1966"]
[BlackElo "2158"]
[PlyCount "117"]
[EventDate "2011.07.26"]
[EventType "swiss"]
[EventRounds "9"]
[EventCountry "ITA"]
[SourceTitle "EXT 2014"]
[Source "ChessBase"]
[SourceDate "2013.11.20"]
[SourceVersion "1"]
[SourceVersionDate "2013.11.20"]
[SourceQuality "1"]

1. e4 g6 2. Nf3 Bg7 3. d3 e5 4. g3 Ne7 5. Bg2 0-0 6. 0-0 d5 7. exd5 Nxd5 8. Re1 Nc6 9. Bg5 f6 10. Bd2 Re8 11. Nc3 Be6 12. Ne4 Bf7 13. Nc5 b6 14. Ne4 Qd7 15. a3 a5 16. h4 Rad8 17. Nh2 Be6 18. Nc3 Nce7 19. Ne4 c5 20. h5 Nc6 21. hxg6 hxg6 22. Nc3 Nd4 23. Ne2 Nf5 24. Nc3 Qf7 25. Nxd5 Bxd5 26. Bxd5 Qxd5 27. Qf3 c4 28. Qg4 Qf7 29. Bc3 Nd4 30. Bxd4 Rxd4 31. Qe2 cxd3 32. cxd3 Qd5 33. Rad1 Rd8 34. Ng4 Rxd3 35. Ne3 Qd7 36. Rxd3 Qxd3 37. Qxd3 Rxd3 38. Nc4 Rb3 39. Re3 Rb5 40. Rd3 f5 41. Rd6 Kf7 42. Rxb6 Rxb6 43. Nxb6 e4 44. b4 axb4 45. axb4 Bd4 46. Nc4 Ke6 47. Kf1 Kd5 48. Na3 Bb2 49. Nc2 Bc1 50. Ke2 Kc4 51. Ne3+ Kd4 52. b5 Kc5 53. b6 Kc6 54. Nd5 Bg5 55. f3 exf3+ 56. Kxf3 Bd8 57. Nf4 g5 58. Ne6 Bf6 59. g4 1/2-1/2

[Event "Ischia op 3rd"]
[Site "Ischia "]
[Date "2011.08.01"]
[Round "7"]
[White "Diotallevi, Maurizio"]
[Black "Soldatov, Ilja"]
[Result "1-0"]
[WhiteElo "2049"]
[BlackElo "2158"]
[PlyCount "151"]
[EventDate "2011.07.26"]
[EventType "swiss"]
[EventRounds "9"]
[EventCountry "ITA"]
[SourceTitle "EXT 2014"]
[Source "ChessBase"]
[SourceDate "2013.11.20"]
[SourceVersion "1"]
[SourceVersionDate "2013.11.20"]
[SourceQuality "1"]

1. d4 g6 2. e4 d6 3. Nf3 Nf6 4. Nc3 Bg7 5. Be2 0-0 6. h3 Nc6 7. 0-0 e5 8. Be3 exd4 9. Nxd4 Re8 10. Nxc6 bxc6 11. Bf3 Bb7 12. Re1 c5 13. Bg5 h6 14. Bh4 g5 15. Bg3 Nd7 16. Qd2 Ne5 17. Be2 Ng6 18. f3 Be5 19. Bxe5 Rxe5 20. Bc4 Qf6 21. Bd5 c6 22. Bc4 Rd8 23. Rad1 Bc8 24. Re3 Nf4 25. Kh2 Be6 26. Bxe6 fxe6 27. Ne2 Nxe2 28. Rxe2 d5 29. Qa5 Rf8 30. Rde1 h5 31. Qxc5 dxe4 32. Qxc6 g4 33. Rxe4 Rxe4 34. Qxe4 gxf3 35. gxf3 Rf7 36. Rg1+ Rg7 37. Rxg7+ Kxg7 38. c3 a6 39. f4 Qh4 40. Kg2 Kf7 41. Qe5 Kf8 42. b4 Ke8 43. Qxe6+ Kd8 44. Qe5 Kc8 45. c4 Qd8 46. Qd5 Qf6 47. Qc5+ Kb7 48. Kg3 Qc3+ 49. Kh4 Qe1+ 50. Kxh5 Qe8+ 51. Kg5 Qd8+ 52. Kg6 Qg8+ 53. Kf6 Qh8+ 54. Ke7 Qh7+ 55. Ke6 Qg6+ 56. Ke5 Qg7+ 57. Kf5 Qd7+ 58. Ke4 Qe6+ 59. Kd4 Qxh3 60. Qd5+ Kc7 61. Qe5+ Kd7 62. Kc5 a5 63. Qd6+ Ke8 64. Qb8+ Kd7 65. Qa7+ Kc8 66. Qa8+ Kd7 67. Qc6+ Kd8 68. bxa5 Qa3+ 69. Kb6 Qb4+ 70. Ka6 Qc3 71. f5 Ke7 72. Qc5+ Kd7 73. Kb7 Qc2 74. a3 Kd8 75. a6 Qa4 76. Qd6+ 1-0